Countries Containing B - One Minute Sprint - Statistics

General Stats
  • This quiz has been taken 169 times
  • The average score is 17 of 46
Answer Stats
Country % Correct
Brazil
77%
Belgium
73%
Belize
71%
Botswana
69%
Bahamas
67%
Bulgaria
67%
Barbados
66%
Bolivia
64%
Bhutan
61%
Bosnia and Herzegovina
61%
Belarus
56%
Burundi
56%
Benin
54%
Brunei
52%
Bangladesh
50%
Burkina Faso
50%
Bahrain
46%
Zambia
31%
Zimbabwe
31%
Democratic Republic of the Congo
30%
Kiribati
30%
Serbia
29%
Antigua and Barbuda
28%
Gambia
28%
Republic of the Congo
28%
Colombia
27%
Cuba
27%
Cambodia
26%
Central African Republic
26%
Gabon
24%
Namibia
24%
Azerbaijan
21%
Albania
19%
Trinidad and Tobago
19%
United Arab Emirates
18%
Czech Republic
17%
Libya
16%
Mozambique
16%
Dominican Republic
14%
Saudi Arabia
14%
Djibouti
13%
Liberia
13%
Luxembourg
12%
Uzbekistan
11%
Guinea-Bissau
10%
Lebanon
10%
No matching quizzes found
Score Distribution
Percent of People with Each Score
Percentile by Number Answered
Your Score History
You have not taken this quiz